Tuyển tập các bài luận - viết nâng cao Collection of new Examination essays & Writing for high school, college & university Q.2

Tuyển tập các bài luận nâng cao dùng trong các kỳ thi chứng chỉ quốc gia, các kỳ thi tuyển sinh Đại học - Cao đẳng và các kỳ thi quốc thế TOEIC, TOEFL, IELTS

Uloženo v:
Podrobná bibliografie
Hlavní autor: Fernando
Další autoři: Rajamanikam
Médium: Kniha
Jazyk:Undetermined
Vydáno: Tp. Hồ Chí Minh Trẻ 2007
Témata:
On-line přístup:http://lrc.tdmu.edu.vn/opac/search/detail.asp?aID=2&ID=16152
Tagy: Přidat tag
Žádné tagy, Buďte první, kdo otaguje tento záznam!
Thư viện lưu trữ: Trung tâm Học liệu Trường Đại học Thủ Dầu Một
LEADER 01059nam a2200241Ia 4500
001 TDMU_16152
008 210410s9999 xx 000 0 und d
082 |a 428.2 
090 |b F206 
100 |a Fernando 
245 0 |a Tuyển tập các bài luận - viết nâng cao 
245 0 |b Collection of new Examination essays & Writing for high school, college & university 
245 0 |c Fernando, Rajamanikam; V. Navaratnam (b.t) 
245 0 |n Q.2 
260 |a Tp. Hồ Chí Minh 
260 |b Trẻ 
260 |c 2007 
300 |a 367tr. 
520 |a Tuyển tập các bài luận nâng cao dùng trong các kỳ thi chứng chỉ quốc gia, các kỳ thi tuyển sinh Đại học - Cao đẳng và các kỳ thi quốc thế TOEIC, TOEFL, IELTS 
650 |a Tiếng Anh  |x Kĩ năng viết   |x Bài luận; Kỹ năng viết 
700 |a Rajamanikam 
856 |u http://lrc.tdmu.edu.vn/opac/search/detail.asp?aID=2&ID=16152 
980 |a Trung tâm Học liệu Trường Đại học Thủ Dầu Một